Agenda Laboral 2013

Detalles Bibliográficos
Formato: eBook
Lenguaje:español
Publicado: Mx̌ico D.F. : Ediciones Fiscales ISEF, 2012
Materias:
Acceso en línea:http://www.vlex.com/source/7022

MARC

LEADER 00000nam a22000007a 4500
005 20130304145523.0
007 cr|||| ||||
008 130304e2012 mx |||||s|||| 00||0 spa d
020 |a 978-607-406-493-3 
035 |a 7022 
040 |a vLex 
090 |c 3814  |d 3814 
245 0 0 |a Agenda Laboral 2013  |h [Recurso electrn̤ico] 
256 |a Servicio en ln̕ea 
260 |a Mx̌ico D.F. :  |b Ediciones Fiscales ISEF,   |c 2012 
300 |a 1 Recurso electrn̤ico 
506 |d vLex Global  |d vLex Global (Academic Edition, excluding Law Schools)  |d vLex Global (U.S. Academic Edition, Law Schools)  |d vLex Global (U.S. Academic Edition, excluding Law Schools)  |d vLex Global (Academic Edition, Law Schools) 
650 0 4 |a Derecho laboral  |z Mx̌ico 
740 |a vLex Libros (Servicio en ln̕ea) 
856 |a Acceso restringido  |u http://www.vlex.com/source/7022 
942 |c BOOK 
999 0 |a Labor law and legislation